ბათუმის შოთა რუსთაველის სახელმწიფო უნივერსიტეტის ბიბლიოთეკა

მეცხოველეობის ფერმები და კომპლექსები. (ბიბ.ჩანაწერი № 35391)

000 -LEADER
fixed length control field 00959nam a2200229Ia 4500
001 - CONTROL NUMBER
control field 1244
003 - CONTROL NUMBER IDENTIFIER
control field GE_BSU
008 - FIXED-LENGTH DATA ELEMENTS--GENERAL INFORMATION
fixed length control field 181216s||||||||xx |||||||||||||| ||und||
040 ## - CATALOGING SOURCE
Transcribing agency GE_BSU
080 ## - UNIVERSAL DECIMAL CLASSIFICATION NUMBER
Universal Decimal Classification number 636
100 ## - MAIN ENTRY--PERSONAL NAME
Personal name გამხოშვილი რ.
245 ## - TITLE STATEMENT
Title მეცხოველეობის ფერმები და კომპლექსები.
245 ## - TITLE STATEMENT
Remainder of title სახელმძღვანელო სასოფლო სამეურნეო ინსტიტუტის სტუდენტებისათვის.
260 ## - PUBLICATION, DISTRIBUTION, ETC.
Place of publication, distribution, etc. თბილისი.
260 ## - PUBLICATION, DISTRIBUTION, ETC.
Name of publisher, distributor, etc. სასაფლო სამეურნეო ინსტიტუტი.
260 ## - PUBLICATION, DISTRIBUTION, ETC.
Date of publication, distribution, etc. 1989.
300 ## - PHYSICAL DESCRIPTION
Extent 34 გვ. 19 სმ.
653 ## - INDEX TERM--UNCONTROLLED
Uncontrolled term მეცხოველეობა.
653 ## - INDEX TERM--UNCONTROLLED
Uncontrolled term მეცხოველეობის ფერმები და კომპლექსები.
942 ## - ADDED ENTRY ELEMENTS (KOHA)
Koha item type წიგნი
ეგზემპლარები
Withdrawn status Lost status Damaged status Not for loan Date acquired Barcode Date last seen Price effective from Koha item type
        2018-12-17 2841 2018-12-17 2018-12-17 წიგნი